| 000 | 00679nam a2200241 a 4500 | ||
|---|---|---|---|
| 003 | BD-DhJNU | ||
| 005 | 20250824092757.0 | ||
| 008 | 160224b xxu||||| |||| 00| 0 eng d | ||
| 020 | _a9840515683 | ||
| 040 |
_aBD-DhJNU _bENG _cBD-DhJNU _dBD-DhJNU |
||
| 082 |
_a338.5 REA _223 |
||
| 245 |
_aReading in microeconomics / _cEdited by Fahad Khalil and Salim Rashid |
||
| 250 | _a1st ed. | ||
| 260 |
_aDhaka : _bThe University Press, _c2006. |
||
| 300 |
_axvi, 259 p. : _bill. ; _c25 cm. |
||
| 504 | _6Includes index. | ||
| 526 | _aEconomics | ||
| 650 | _aEconomics. | ||
| 650 | _aEconomic analysis. | ||
| 700 | _aKhalil, Fahad (Ed). | ||
| 700 | _aRashid, Salim. | ||
| 942 | _cBK | ||
| 999 |
_c2009 _d2009 |
||